000 00609nam a2200181Ia 4500
008 090124s9999 xx 000 0 und d
082 _b32825
100 _aवाडेकर सुभाष
245 _a व्यर्थचि हे बलिदान
250 _a1
260 _bनीहारा प्रकाशन
_c1993
300 _a108
600 _aवाडेकर सुभाष
630 _a व्यर्थचि हे बलिदान
700 _aवाडेकर सुभाष
730 _a व्यर्थचि हे बलिदान
942 _cBOOK
999 _c98742
_d98742